[Event "Smederevska Palanka Shocha Memorial"]
[Site "Smederevska Palanka"]
[Date "2016.01.10"]
[Round "1"]
[White "Damljanovic, Branko"]
[Black "Mircic, Ivan"]
[Result "1-0"]
[WhiteElo "2581"]
[BlackElo "2161"]
[PlyCount "71"]
[EventDate "2016.01.01"]
[EventType "swiss"]
[EventRounds "9"]
[EventCountry "SRB"]
[SourceTitle "CBM 170 Extra"]
[Source "ChessBase"]
[SourceDate "2016.02.25"]
[SourceVersion "1"]
[SourceVersionDate "2016.02.25"]
[SourceQuality "1"]

1. c4 c5 2. Nf3 Nf6 3. Nc3 g6 4. e4 d6 5. d4 cxd4 6. Nxd4 Bg7 7. Be2 0-0 8. Be3 Nc6 9. 0-0 Bd7 10. f3 Nxd4 11. Bxd4 a6 12. Qd2 h5 13. Rfd1 Kh7 14. Be3 Rc8 15. Rac1 Qc7 16. b4 Qb8 17. a4 Be6 18. Nd5 Nxd5 19. exd5 Bf5 20. a5 Qc7 21. h3 Rce8 22. g4 hxg4 23. hxg4 Bd7 24. Kg2 Rh8 25. Rh1+ Kg8 26. Rxh8+ Bxh8 27. Rh1 e5 28. Bb6 Qc8 29. Qh6 Bg7 30. Qh7+ Kf8 31. Be3 e4 32. Bh6 exf3+ 33. Bxf3 Bxh6 34. Qxh6+ Ke7 35. Qg5+ f6 36. Rh7+ 1-0

[Event "SRB-chT3 North CS"]
[Site "Sabac"]
[Date "2014.10.02"]
[Round "1.1"]
[White "Mircic, Ivan"]
[Black "Tomanovic, Nikola"]
[Result "0-1"]
[WhiteElo "2249"]
[BlackElo "2222"]
[PlyCount "80"]
[EventDate "2014.10.02"]
[EventType "team-swiss"]
[EventRounds "6"]
[EventCountry "SRB"]
[SourceTitle "EXT 2021"]
[Source "ChessBase"]
[SourceDate "2020.10.23"]
[SourceVersion "1"]
[SourceVersionDate "2020.10.23"]
[SourceQuality "1"]

1. Nf3 f5 2. c4 Nf6 3. g3 g6 4. Bg2 Bg7 5. 0-0 0-0 6. Nc3 d6 7. d4 Nc6 8. d5 Ne5 9. Nxe5 dxe5 10. Qb3 Kh8 11. c5 e4 12. Rd1 a6 13. Be3 Ng4 14. Bd4 Bxd4 15. Rxd4 e5 16. Rdd1 e3 17. f3 Nf2 18. Rf1 f4 19. Nd1 Nh3+ 20. Kh1 Rb8 21. Rc1 Qf6 22. Qc3 Bd7 23. gxf4 exf4 24. Bxh3 Bxh3 25. Rg1 Rbd8 26. Qxf6+ Rxf6 27. Nc3 Bf5 28. Kg2 g5 29. h3 Rh6 30. Rh1 Kg7 31. Rcd1 Rg6 32. Rd4 Kf6 33. Kf1 Ke5 34. Rb4 b6 35. cxb6 cxb6 36. Rc4 Rc8 37. Rxc8 Bxc8 38. h4 g4 39. h5 Rg8 40. fxg4 Bxg4 0-1

[Event "SRB-CupT Central Serbia"]
[Site "Serbia"]
[Date "2014.05.03"]
[Round "7.6"]
[White "Curcic, Predrag"]
[Black "Mircic, Ivan"]
[Result "0-1"]
[WhiteElo "2060"]
[BlackElo "2257"]
[PlyCount "41"]
[EventDate "2014.03.23"]
[EventType "team"]
[EventRounds "8"]
[EventCountry "SRB"]
[SourceTitle "EXT 2015"]
[Source "ChessBase"]
[SourceDate "2014.11.20"]
[SourceVersion "1"]
[SourceVersionDate "2014.11.20"]
[SourceQuality "1"]

1. e4 c5 2. Nf3 e6 3. d4 cxd4 4. Nxd4 a6 5. Nc3 Qc7 6. Bd3 b5 7. 0-0 Bb7 8. Kh1 Nf6 9. Qe2 Nc6 10. Nxc6 Qxc6 11. Bg5 Be7 12. f4 b4 13. Bxf6 gxf6 14. Nd1 f5 15. Nf2 Bc5 16. Rae1 Ke7 17. Qh5 Rag8 18. Qh4+ f6 19. Re2 Rg7 20. Nd1 Qa4 21. a3 0-1

[Event "SRB-CupT Central Serbia"]
[Site "Serbia"]
[Date "2014.05.02"]
[Round "5.8"]
[White "Pejcic, Milutin"]
[Black "Mircic, Ivan"]
[Result "0-1"]
[WhiteElo "2145"]
[BlackElo "2257"]
[PlyCount "112"]
[EventDate "2014.03.23"]
[EventType "team"]
[EventRounds "8"]
[EventCountry "SRB"]
[SourceTitle "EXT 2015"]
[Source "ChessBase"]
[SourceDate "2014.11.20"]
[SourceVersion "1"]
[SourceVersionDate "2014.11.20"]
[SourceQuality "1"]

1. Nf3 d5 2. c4 e6 3. e3 Nf6 4. Qc2 Be7 5. Nc3 0-0 6. b3 c5 7. Bb2 Nc6 8. a3 d4 9. Nd1 e5 10. d3 Bg4 11. Be2 Qd7 12. h3 Bxf3 13. Bxf3 Rad8 14. e4 a6 15. 0-0 Rb8 16. Bc1 h6 17. Bd2 b5 18. Nb2 Rb6 19. Rfc1 Rfb8 20. b4 cxb4 21. c5 b3 22. Qxb3 R6b7 23. Qa2 Qe8 24. Bd1 Qf8 25. Rc2 Rc8 26. Rac1 Nd8 27. Ba5 Ne6 28. c6 Rbb8 29. Bb4 Bxb4 30. axb4 Qxb4 31. Bg4 Nxg4 32. hxg4 Nc7 33. Rb1 Qd6 34. Qa5 Ra8 35. Rbc1 Qg6 36. Rc5 Qxg4 37. Rxe5 Ne6 38. Qd2 Nf4 39. f3 Qg3 40. Rf5 Ne6 41. Rd5 Rc7 42. Rd7 Rac8 43. Rxc7 Rxc7 44. Qa5 Nf4 45. Qd2 Qg5 46. Kf1 Qh4 47. Kg1 Qf6 48. Nd1 Ng6 49. Nf2 Rxc6 50. Ra1 Nf4 51. Qb2 Qg5 52. g4 Qh4 53. Nh1 Qh3 54. Rf1 Rc3 55. Qa2 Rxd3 56. e5 Re3 0-1

[Event "SRB-chT2 West"]
[Site "Vrnjacka Banja"]
[Date "2013.10.13"]
[Round "6"]
[White "Mircic, Ivan"]
[Black "Bojovic, Dusan"]
[Result "1-0"]
[WhiteElo "2254"]
[BlackElo "2309"]
[PlyCount "79"]
[EventDate "2013.10.10"]
[EventType "team-tourn"]
[EventRounds "8"]
[EventCountry "SRB"]
[SourceTitle "EXT 2014"]
[Source "ChessBase"]
[SourceDate "2013.11.20"]
[SourceVersion "1"]
[SourceVersionDate "2013.11.20"]
[SourceQuality "1"]

1. Nf3 Nf6 2. c4 d6 3. g3 g6 4. Bg2 Bg7 5. 0-0 0-0 6. Nc3 c6 7. d4 Qa5 8. e4 e5 9. d5 cxd5 10. cxd5 b5 11. Re1 Na6 12. a3 b4 13. Na4 Bd7 14. b3 Bxa4 15. axb4 Qxb4 16. Rxa4 Qb7 17. Ba3 Qb6 18. Nd2 Nc5 19. Nc4 Qc7 20. Bxc5 Qxc5 21. Qd2 Nd7 22. Rea1 Rfb8 23. Na5 Nb6 24. R4a3 Nd7 25. Nc6 Rb7 26. b4 Qb6 27. Ra6 Qc7 28. Rc1 Nb8 29. Nxb8 Qxb8 30. Rac6 Qd8 31. Bh3 Bf8 32. R1c4 a5 33. Rc8 Rxc8 34. Rxc8 Qf6 35. bxa5 Kg7 36. a6 Rb1+ 37. Rc1 Rb8 38. a7 Ra8 39. Qa5 Qe7 40. Rc7 1-0

[Event "SRB-chT2 West"]
[Site "Vrnjacka Banja"]
[Date "2013.10.10"]
[Round "1"]
[White "Ratkovic, Milovan"]
[Black "Mircic, Ivan"]
[Result "1/2-1/2"]
[WhiteElo "2294"]
[BlackElo "2254"]
[PlyCount "108"]
[EventDate "2013.10.10"]
[EventType "team-tourn"]
[EventRounds "8"]
[EventCountry "SRB"]
[SourceTitle "EXT 2014"]
[Source "ChessBase"]
[SourceDate "2013.11.20"]
[SourceVersion "1"]
[SourceVersionDate "2013.11.20"]
[SourceQuality "1"]

1. d4 d5 2. c4 e6 3. Nc3 Nf6 4. Nf3 Be7 5. Bg5 0-0 6. e3 Ne4 7. Bxe7 Qxe7 8. Qc2 Nxc3 9. Qxc3 c6 10. Bd3 Nd7 11. 0-0 dxc4 12. Bxc4 b6 13. e4 Bb7 14. Rad1 c5 15. d5 exd5 16. Bxd5 Bxd5 17. Rxd5 Rfe8 18. h4 Rad8 19. Re1 Nf6 20. Re5 Qd7 21. Rxe8+ Nxe8 22. Qe5 Nf6 23. Qf4 h6 24. e5 Nd5 25. Qc4 Nc7 26. b4 Qa4 27. Re4 Ne6 28. bxc5 Qxc4 29. Rxc4 Nxc5 30. Nd4 Rd5 31. f4 g5 32. hxg5 hxg5 33. g3 gxf4 34. gxf4 Nd3 35. Nf5 Rc5 36. Rd4 Rc1+ 37. Kg2 Rd1 38. Kg3 Nb2 39. Rb4 Rd2 40. Kh4 Rc2 41. Rd4 Rc5 42. Kg5 Nc4 43. Nd6 Na5 44. Ne8 Rc8 45. Nf6+ Kf8 46. Rd7 Nc6 47. Ne4 Re8 48. Rc7 Re6 49. Nd6 Nxe5 50. fxe5 Rxe5+ 51. Kf4 Ra5 52. Rxf7+ Kg8 53. Rf5 Rxa2 54. Kg5 Ra5 1/2-1/2

[Event "SRB-CupT Central"]
[Site "Serbia"]
[Date "2013.04.26"]
[Round "5.2"]
[White "Urosevic, Radojko"]
[Black "Mircic, Ivan"]
[Result "0-1"]
[WhiteElo "2214"]
[BlackElo "2250"]
[PlyCount "65"]
[EventDate "2013.03.24"]
[EventType "team-tourn"]
[EventRounds "8"]
[EventCountry "SRB"]
[SourceTitle "EXT 2018"]
[Source "ChessBase"]
[SourceDate "2017.10.13"]
[SourceVersion "1"]
[SourceVersionDate "2017.10.13"]
[SourceQuality "1"]

1. e4 c5 2. Nf3 e6 3. d4 cxd4 4. Nxd4 a6 5. c4 Nf6 6. Nc3 Qc7 7. a3 b6 8. Be3 Bb7 9. f3 d6 10. Rc1 Nbd7 11. Be2 Be7 12. 0-0 0-0 13. Qd2 Rac8 14. b4 Qb8 15. h3 Bd8 16. Rfd1 Bc7 17. Qe1 Rfe8 18. g4 d5 19. g5 Nh5 20. cxd5 exd5 21. Nf5 Bh2+ 22. Kg2 Nf4+ 23. Bxf4 Bxf4 24. Rb1 dxe4 25. Nxe4 Bxe4 26. fxe4 Nf8 27. Bd3 Bxg5 28. Qg3 Qxg3+ 29. Nxg3 Ng6 30. Bxa6 Nf4+ 31. Kf3 Rc3+ 32. Kg4 Ng6 33. Bd3 0-1

[Event "SRB-chT2 West CS"]
[Site "Serbia"]
[Date "2012.09.15"]
[Round "2.6"]
[White "Milovanovic, Nenad"]
[Black "Mircic, Ivan"]
[Result "1/2-1/2"]
[WhiteElo "2215"]
[BlackElo "2246"]
[PlyCount "37"]
[EventDate "2012.09.14"]
[EventType "team"]
[EventRounds "10"]
[EventCountry "SRB"]
[SourceTitle "EXT 2015"]
[Source "ChessBase"]
[SourceDate "2014.11.20"]
[SourceVersion "1"]
[SourceVersionDate "2014.11.20"]
[SourceQuality "1"]

1. e4 c5 2. Nf3 e6 3. d3 Nc6 4. g3 d5 5. Nbd2 Nf6 6. Bg2 Be7 7. 0-0 0-0 8. Re1 Qc7 9. h4 dxe4 10. dxe4 e5 11. c3 Rd8 12. Qc2 b6 13. Nc4 Bb7 14. Bg5 Ng4 15. Rad1 b5 16. Ne3 Nxe3 17. Bxe3 a6 18. Nh2 Qa5 19. a3 1/2-1/2

[Event "SRB-chT2 West CS"]
[Site "Serbia"]
[Date "2012.09.15"]
[Round "3.6"]
[White "Mircic, Ivan"]
[Black "Vasic, Vladimir"]
[Result "1/2-1/2"]
[WhiteElo "2246"]
[BlackElo "2210"]
[PlyCount "85"]
[EventDate "2012.09.14"]
[EventType "team"]
[EventRounds "10"]
[EventCountry "SRB"]
[SourceTitle "EXT 2015"]
[Source "ChessBase"]
[SourceDate "2014.11.20"]
[SourceVersion "1"]
[SourceVersionDate "2014.11.20"]
[SourceQuality "1"]

1. d4 d5 2. Nf3 Nf6 3. c4 dxc4 4. Qa4+ Nbd7 5. Nc3 c6 6. Qxc4 Qa5 7. Bd2 Qh5 8. e4 e5 9. d5 Nb6 10. Qb3 Be7 11. Be2 0-0 12. dxc6 bxc6 13. 0-0 Be6 14. Qc2 Bc4 15. b3 Bxe2 16. Nxe2 Qg6 17. Nxe5 Qxe4 18. Qxe4 Nxe4 19. Nxc6 Bf6 20. Rad1 Rfc8 21. Ncd4 Nd5 22. Rfe1 Nxd2 23. Rxd2 g6 24. g3 a5 25. a4 Kg7 26. h4 Ra6 27. Nb5 Nc3 28. Ned4 Rb8 29. Kg2 Rd8 30. Nxc3 Rxd4 31. Rxd4 Bxd4 32. Nb5 Bc5 33. Re5 Bb4 34. Rd5 Rc6 35. Rd3 Rc2 36. Rf3 h5 37. Nd4 Rc1 38. Ne2 Rd1 39. Nf4 Rd7 40. Nd3 Bd6 41. Nb2 Bb4 42. Nc4 Rb7 43. Kf1 1/2-1/2

[Event "SRB-chT2 West"]
[Site "Valjevo"]
[Date "2010.10.16"]
[Round "10"]
[White "Mircic, Ivan"]
[Black "Tasic, Vladimir"]
[Result "0-1"]
[WhiteElo "2245"]
[BlackElo "2235"]
[PlyCount "88"]
[EventDate "2010.09.12"]
[EventType "team-tourn"]
[EventRounds "9"]
[EventCountry "YUG"]
[SourceTitle "EXT 2011"]
[Source "ChessBase"]
[SourceDate "2010.11.26"]
[SourceVersion "1"]
[SourceVersionDate "2010.11.26"]
[SourceQuality "1"]

1. Nf3 Nf6 2. c4 g6 3. g3 Bg7 4. Bg2 0-0 5. 0-0 d6 6. Nc3 c6 7. d3 Qa5 8. h3 Qh5 9. g4 Qa5 10. Bd2 Qc7 11. b4 h5 12. g5 Nfd7 13. b5 e5 14. bxc6 bxc6 15. Ne4 Na6 16. Be3 Rb8 17. Qa4 Rb4 18. Qa3 d5 19. cxd5 cxd5 20. Rac1 Qb8 21. Ng3 Qb5 22. Bd2 Ra4 23. Qb3 Qxb3 24. axb3 Ra2 25. b4 Bb7 26. b5 Nac5 27. Bb4 Rc8 28. Rfe1 Ne6 29. Rxc8+ Bxc8 30. Rc1 Bb7 31. Nd2 Rb2 32. Rb1 Rxb1+ 33. Nxb1 h4 34. Nf1 Nf4 35. Nc3 e4 36. Bd6 Nxg2 37. Nd1 exd3 38. exd3 Ne1 39. f4 Nxd3 40. Nd2 Bd4+ 41. Kf1 Bc5 42. Bc7 Nf8 43. Nb3 Bb6 44. Bxb6 axb6 0-1

[Event "SRB-chT2 West"]
[Site "Valjevo"]
[Date "2010.10.14"]
[Round "6"]
[White "Gavrilovic, Leonardo"]
[Black "Mircic, Ivan"]
[Result "0-1"]
[WhiteElo "2247"]
[BlackElo "2245"]
[PlyCount "72"]
[EventDate "2010.09.12"]
[EventType "team-tourn"]
[EventRounds "9"]
[EventCountry "YUG"]
[SourceTitle "EXT 2011"]
[Source "ChessBase"]
[SourceDate "2010.11.26"]
[SourceVersion "1"]
[SourceVersionDate "2010.11.26"]
[SourceQuality "1"]

1. e4 c5 2. Nf3 e6 3. d4 cxd4 4. Nxd4 a6 5. Bd3 Qc7 6. 0-0 Nc6 7. Nxc6 bxc6 8. f4 d6 9. c4 Nf6 10. Nc3 Be7 11. Kh1 0-0 12. c5 e5 13. cxd6 Bxd6 14. f5 Bb7 15. g4 Bb4 16. g5 Nd7 17. Qh5 Qd6 18. Rd1 Bxc3 19. bxc3 c5 20. Ba3 Qc6 21. Bc2 Rfd8 22. Rf1 Nf8 23. f6 Ng6 24. Bc1 Rd6 25. fxg7 Rad8 26. Qf3 R8d7 27. Be3 a5 28. Qf2 Ba6 29. Rfe1 Kxg7 30. Bxc5 Rd2 31. Qf6+ Qxf6 32. gxf6+ Kxf6 33. Ba4 R7d3 34. Be3 Rb2 35. Bb3 Bb7 36. Bc1 Rf2 0-1

[Event "SRB-chT2 West"]
[Site "Valjevo"]
[Date "2010.09.26"]
[Round "3"]
[White "Bezarevic, Branko"]
[Black "Mircic, Ivan"]
[Result "0-1"]
[WhiteElo "2214"]
[BlackElo "2245"]
[PlyCount "76"]
[EventDate "2010.09.12"]
[EventType "team-tourn"]
[EventRounds "9"]
[EventCountry "YUG"]
[SourceTitle "EXT 2011"]
[Source "ChessBase"]
[SourceDate "2010.11.26"]
[SourceVersion "1"]
[SourceVersionDate "2010.11.26"]
[SourceQuality "1"]

1. e4 c5 2. Nc3 e6 3. f4 Nc6 4. Nf3 d6 5. Bb5 Bd7 6. 0-0 a6 7. Bxc6 Bxc6 8. d3 Be7 9. Qe2 Qc7 10. Bd2 0-0-0 11. Rae1 Nf6 12. e5 Bxf3 13. Rxf3 Nd7 14. exd6 Qxd6 15. Kh1 Bh4 16. g3 Bf6 17. Ne4 Qc6 18. Nxf6 Nxf6 19. Bc3 h5 20. h3 Rhg8 21. Qg2 Nd5 22. Be5 Nb4 23. Rf2 Qxg2+ 24. Kxg2 Nxa2 25. f5 f6 26. fxe6 fxe5 27. Rxe5 b6 28. Rxh5 Rde8 29. Re5 Nb4 30. Rf7 Nc6 31. Rd5 Nd8 32. d4 Rxe6 33. Ra7 cxd4 34. Rxd4 Re2+ 35. Kf3 Rxc2 36. Rxa6 Kb7 37. Ra2 Kc6 38. Ra8 Rf8+ 0-1

[Event "SRB-chT2 West"]
[Site "Serbia"]
[Date "2009.10.10"]
[Round "9.1"]
[White "Bosiljcic, Zoran"]
[Black "Mircic, Ivan"]
[Result "1/2-1/2"]
[WhiteElo "2181"]
[BlackElo "2242"]
[PlyCount "61"]
[EventDate "2009.09.06"]
[EventType "team"]
[EventRounds "11"]
[EventCountry "SRB"]
[SourceTitle "EXT 2012"]
[Source "ChessBase"]
[SourceDate "2011.11.24"]
[SourceVersion "1"]
[SourceVersionDate "2011.11.24"]
[SourceQuality "1"]

1. e4 c5 2. c3 Nf6 3. e5 Nd5 4. g3 Nc6 5. Bg2 e6 6. Nf3 d6 7. d4 cxd4 8. cxd4 dxe5 9. dxe5 Bb4+ 10. Nbd2 Qb6 11. 0-0 Bxd2 12. Qxd2 0-0 13. Qg5 Nd4 14. Nxd4 Qxd4 15. Re1 b6 16. Be4 f5 17. exf6 Qxf6 18. Qxf6 gxf6 19. Bxd5 exd5 20. Bh6 Rd8 21. Re7 Rd7 22. Rae1 d4 23. Rxd7 Bxd7 24. Rd1 Bh3 25. Rxd4 Rc8 26. f3 Rc2 27. Rd2 Rxd2 28. Bxd2 Kf7 29. Kf2 Ke6 30. Ke3 Bf1 31. Kf4 1/2-1/2

[Event "SRB-chT2 West"]
[Site "Serbia"]
[Date "2008.09.28"]
[Round "3.3"]
[White "Mircic, Ivan"]
[Black "Djuricic, Toma"]
[Result "1-0"]
[WhiteElo "2230"]
[BlackElo "2171"]
[PlyCount "61"]
[EventDate "2008.09.14"]
[EventType "team"]
[EventRounds "11"]
[EventCountry "SRB"]
[SourceTitle "EXT 2012"]
[Source "ChessBase"]
[SourceDate "2011.11.24"]
[SourceVersion "1"]
[SourceVersionDate "2011.11.24"]
[SourceQuality "1"]

1. Nf3 Nf6 2. g3 g6 3. Bg2 Bg7 4. 0-0 0-0 5. c4 d6 6. Nc3 Nbd7 7. d4 e5 8. e4 exd4 9. Nxd4 Nc5 10. h3 a5 11. Be3 Re8 12. f3 Nh5 13. Bf2 Be5 14. f4 Bh8 15. Qd2 Bd7 16. Rae1 Ne6 17. Nde2 Nhg7 18. g4 Bc6 19. f5 Ng5 20. f6 Qxf6 21. Bd4 Qd8 22. Bf6 Nxe4 23. Nxe4 Qd7 24. N2c3 Re6 25. Bd4 Ne8 26. Bxh8 Kxh8 27. Qh6 Qe7 28. Ng5 Nf6 29. Rxe6 fxe6 30. Rxf6 Qg7 31. Qxg7+ 1-0

[Event "SRB-chT2 West"]
[Site "Serbia"]
[Date "2008.09.21"]
[Round "2.5"]
[White "Rihterovic, Milan"]
[Black "Mircic, Ivan"]
[Result "1/2-1/2"]
[WhiteElo "2252"]
[BlackElo "2230"]
[PlyCount "91"]
[EventDate "2008.09.14"]
[EventType "team"]
[EventRounds "11"]
[EventCountry "SRB"]
[SourceTitle "EXT 2012"]
[Source "ChessBase"]
[SourceDate "2011.11.24"]
[SourceVersion "1"]
[SourceVersionDate "2011.11.24"]
[SourceQuality "1"]

1. d4 d5 2. c4 e6 3. Nc3 f5 4. Nf3 Nf6 5. Bf4 c6 6. e3 Be7 7. Bd3 0-0 8. 0-0 Ne4 9. Bxe4 fxe4 10. Ne5 Nd7 11. f3 Nxe5 12. Bxe5 exf3 13. Rxf3 Bf6 14. Bxf6 Rxf6 15. Rxf6 Qxf6 16. Qd3 b6 17. cxd5 exd5 18. Rf1 Qe6 19. Ne2 Bd7 20. Nf4 Qe7 21. Rf3 Rf8 22. Rg3 Qe4 23. Qxe4 dxe4 24. Rg5 Rf5 25. Rxf5 Bxf5 26. b4 g5 27. Ne2 Kf7 28. Kf2 Ke6 29. Nc3 Kd6 30. Ke2 h5 31. Kd2 h4 32. a3 Bg6 33. g3 hxg3 34. hxg3 Bf5 35. Na4 Be6 36. Nc3 Bd5 37. Nd1 Ke6 38. g4 b5 39. Nc3 a6 40. a4 Kd6 41. axb5 axb5 42. Ke1 Ke7 43. Kf2 Kf6 44. Kg3 Kg6 45. Nd1 Kf6 46. Nc3 1/2-1/2

[Event "SRB-chT2 West"]
[Site "Serbia"]
[Date "2007.10.19"]
[Round "9"]
[White "Bojanic, Bratislav"]
[Black "Mircic, Ivan"]
[Result "1/2-1/2"]
[WhiteElo "2187"]
[BlackElo "2212"]
[PlyCount "26"]
[EventDate "2007.09.09"]
[EventType "team"]
[EventRounds "11"]
[EventCountry "SRB"]
[SourceTitle "EXT 2012"]
[Source "ChessBase"]
[SourceDate "2011.11.24"]
[SourceVersion "1"]
[SourceVersionDate "2011.11.24"]
[SourceQuality "1"]
[WhiteTeam "Fap SK"]
[BlackTeam "Morava"]
[WhiteTeamCountry "SRB"]
[BlackTeamCountry "SRB"]

1. e4 c5 2. Nf3 e6 3. d4 cxd4 4. Nxd4 a6 5. Nc3 Qc7 6. g3 Nf6 7. Bg2 d6 8. 0-0 Be7 9. a4 Nc6 10. Nb3 b6 11. h3 Bb7 12. f4 0-0 13. g4 b5 1/2-1/2

[Event "SRB-chT2 West"]
[Site "Serbia"]
[Date "2007.10.07"]
[Round "5.3"]
[White "Rikalovic, Milan"]
[Black "Mircic, Ivan"]
[Result "0-1"]
[WhiteElo "2081"]
[BlackElo "2212"]
[PlyCount "104"]
[EventDate "2007.09.09"]
[EventType "team"]
[EventRounds "11"]
[EventCountry "SRB"]
[SourceTitle "EXT 2012"]
[Source "ChessBase"]
[SourceDate "2011.11.24"]
[SourceVersion "1"]
[SourceVersionDate "2011.11.24"]
[SourceQuality "1"]
[WhiteTeam "Sloga Simaks"]
[BlackTeam "Morava"]
[WhiteTeamCountry "SRB"]
[BlackTeamCountry "SRB"]

1. e4 c5 2. Nf3 e6 3. Nc3 a6 4. d4 cxd4 5. Nxd4 Qc7 6. Bd3 Nc6 7. Nxc6 bxc6 8. 0-0 Nf6 9. Bg5 Be7 10. Qe2 d6 11. Rad1 0-0 12. b3 e5 13. h3 Be6 14. a4 d5 15. Bc1 Nd7 16. f4 f6 17. f5 Bf7 18. Nb1 Nc5 19. Ba3 Nxd3 20. Qxd3 Bxa3 21. Nxa3 Qb6+ 22. Kh2 Rfc8 23. Nb1 d4 24. Rf3 c5 25. c4 dxc3 26. Qxc3 c4 27. bxc4 Rxc4 28. Qe3 Qxe3 29. Rxe3 Rxa4 30. Rdd3 Rb4 31. Na3 a5 32. g4 a4 33. Kg3 Rb3 34. Kf3 Rab8 35. Ke2 Kf8 36. Kd1 Ke7 37. Rc3 R8b7 38. Kc1 Kd8 39. Red3+ Rd7 40. Re3 Rc7 41. Kd2 Rcxc3 42. Rxc3 Kd7 43. Kd3 Kd6 44. g5 Rxc3+ 45. Kxc3 Kc5 46. Nc2 Bb3 47. Nb4 Bf7 48. Nc2 Bh5 49. Kd3 Bd1 50. Ne3 a3 51. Kc3 Bf3 52. Kb3 Kd4 0-1

[Event "SRB-chT2 West"]
[Site "Serbia"]
[Date "2007.09.16"]
[Round "2.2"]
[White "Dragasevic, Dragan"]
[Black "Mircic, Ivan"]
[Result "0-1"]
[WhiteElo "2182"]
[BlackElo "2212"]
[PlyCount "92"]
[EventDate "2007.09.09"]
[EventType "team"]
[EventRounds "11"]
[EventCountry "SRB"]
[SourceTitle "EXT 2012"]
[Source "ChessBase"]
[SourceDate "2011.11.24"]
[SourceVersion "1"]
[SourceVersionDate "2011.11.24"]
[SourceQuality "1"]
[WhiteTeam "Ljig Spartak"]
[BlackTeam "Morava"]
[WhiteTeamCountry "SRB"]
[BlackTeamCountry "SRB"]

1. d4 d5 2. c4 e6 3. Nf3 c5 4. cxd5 exd5 5. Nc3 Nc6 6. e3 Nf6 7. Be2 Be7 8. 0-0 0-0 9. b3 Ne4 10. Bb2 Bf6 11. Na4 cxd4 12. Nxd4 Nxd4 13. Bxd4 Bd7 14. f3 Bxd4 15. Qxd4 Bxa4 16. fxe4 Bc6 17. exd5 Qxd5 18. Qxd5 Bxd5 19. Rfd1 Bc6 20. Rd4 g6 21. Bf3 Bxf3 22. gxf3 Rae8 23. Kf2 Re7 24. Rad1 f5 25. Rd7 Kf7 26. Kg3 Rc8 27. R1d2 Rc3 28. Rxe7+ Kxe7 29. Kf4 Ke6 30. h4 h6 31. Rd8 Rc2 32. Rh8 Kf6 33. Rf8+ Ke7 34. Rb8 Kf6 35. Rxb7 Rg2 36. e4 g5+ 37. hxg5+ hxg5+ 38. Ke3 f4+ 39. Kd3 Rxa2 40. Rh7 Rf2 41. Rh3 Ke5 42. b4 a6 43. Kc3 Rg2 44. Kd3 Rf2 45. Kc3 Re2 46. Kd3 Re3+ 0-1